De la competencia y de la jurisdicción

El proceso penal: de la jurisdicción penal. Generalidades, fases previa e intermedia del ejercicio jurisdiccional, fases declarativa y de ejecución del ejercicio jurisdiccional, primera esfera de aplicación de la jurisdicción penal, vigencia extraterritorial de la jurisdicción, de la competencia pen...

Descripción completa

Detalles Bibliográficos
Autor principal: Guerrero Vivanco, Walter
Formato: Libro
Lenguaje:Spanish
Materias:

MARC

LEADER 00000cam a2200000 a 4500
001 100929
005 20230308163853.0
008 000000|1975 ||||||||r|||||||||||spa||
040 |b spa 
041 1 |a spa 
082 0 |a 345.05 
100 1 |a Guerrero Vivanco, Walter  |9 42830 
245 |a De la competencia y de la jurisdicción  |c Walter Guerrero Vivanco  |h imp 
264 |a Quito  |b Universitaria  |c 1975 
300 |a 369 páginas:  |c 21,5 cm 
520 3 |a El proceso penal: de la jurisdicción penal. Generalidades, fases previa e intermedia del ejercicio jurisdiccional, fases declarativa y de ejecución del ejercicio jurisdiccional, primera esfera de aplicación de la jurisdicción penal, vigencia extraterritorial de la jurisdicción, de la competencia penal, la competencia y la improrrogabilidad penal, radicación de la competencia penal en razón del territorio, radicación de la competencia en razón de la m ateria, radicación de la competencia en razón de los grados y en razón de las personas. La incompetencia. 
650 |a Competencia penal  |9 42831 
650 |a Jurisdiccion penal  |9 42832 
650 |a Derecho procesal penal  |9 2110 
700 1 |a Guerrero Vivanco, Walter  |9 42830 
773 |g 369 páginas:  |t Derecho procesal penal 
852 |a UC-CDJBV  |c ESTANTERIA CERRADA  |f Compra  |k teresa.torres  |l 1  |m General  |p 00000000  |r 2  |t 100929  |b 0  |d CDRC  |e CDRC  |g 345.05 ESTANTERIA CERRADA  |z 0000-00-00 
942 |c BK 
999 |c 23184  |d 23184